00628nam a2200217Ia 450000500170000000800410001702000180005804000190007604100120009508200150010710000170012224500550013925000120019426000360020630000170024265000160025985000100027594200070028599900170029295201010030920240531091848.0131103s9999 xx 000 0 und d a0 560 00181 9 aLoreto College aEnglish a510.7bMAT aSlater, J.D. aMathematics through actionb stage 2a cJ.D.Slater a1st ed. aGreat BritainbE J Arnoldc1971 a131p.b ill. aMathematics aLCBED cBK c28282d78761 00102ddc4070aMAINbMAINd2013-11-04l0o510.7 MAT 3563pB31126r2013-11-04w2013-11-04yBKf